000 00444nam a2200145Ia 4500
008 100122s9999 xx 000 0 und d
082 _b3484
_a822
100 _aकोठीवाले वि ना
245 _aसोन्याचा धूर
260 _bप्रकाशक शोधणे
_c1924
300 _a70
630 _aसोन्याचा धूर
730 _aसोन्याचा धूर
942 _cBOOK
999 _c397497
_d397494